|
|
|
|
| LEADER |
01987nam a2200445 a 4500 |
| 001 |
000752955 |
| 003 |
CZ BrMZK |
| 005 |
20050909103716.0 |
| 007 |
ta |
| 008 |
041202s2004 xr ad frm 000 0 cze d |
| 015 |
|
|
|a cnb001491439
|
| 020 |
|
|
|a 80-214-2763-9
|q (brož.)
|
| 035 |
|
|
|a (OCoLC)85124571
|
| 040 |
|
|
|a BOA001
|b cze
|
| 041 |
0 |
|
|a cze
|b eng
|
| 072 |
|
7 |
|a 621
|x Strojírenství
|2 Konspekt
|9 19
|
| 080 |
|
|
|a 621.74
|2 MRF
|
| 080 |
|
|
|a 669-14
|2 MRF
|
| 080 |
|
|
|a 005.962.11
|2 MRF
|
| 080 |
|
|
|a 004.94
|2 MRF
|
| 080 |
|
|
|a (048.3)
|2 MRF
|
| 100 |
1 |
|
|a Svadbík, Martin,
|d 1975-
|7 mzk2004261288
|4 aut
|
| 245 |
1 |
0 |
|a Objemové modely jako nový prostředek ke stanovení výrobních časů ve slévárenství =
|b Solid models as a new tool for determining time standards in foundry engineering : zkrácená verze Ph.D. Thesis : obor Strojírenská technologie /
|c Martin Svadbík
|
| 246 |
3 |
1 |
|a Solid models as a new tool for determining time standards in foundry engineering
|
| 260 |
|
|
|a Brno :
|b Vysoké učení technické v Brně, Fakulta strojního inženýrství, Ústav strojírenské technologie - odbor slévárenství,
|c 2004
|
| 300 |
|
|
|a 30 s. :
|b il., grafická znázornění ;
|c 21 cm
|
| 490 |
1 |
|
|a Vědecké spisy Vysokého učení technického v Brně. PhD Thesis,
|x 1213-4198 ;
|v sv. 273
|
| 504 |
|
|
|a Obsahuje bibliografii
|
| 546 |
|
|
|a Anglické resumé
|
| 650 |
0 |
7 |
|a slévárenství
|7 ph125708
|2 czenas
|
| 650 |
0 |
7 |
|a odlitky
|7 ph123691
|2 czenas
|
| 650 |
0 |
7 |
|a management času
|7 ph122602
|2 czenas
|
| 650 |
0 |
7 |
|a modelování a simulace
|7 ph125543
|2 czenas
|
| 655 |
|
7 |
|a teze
|7 fd133701
|2 czenas
|
| 810 |
2 |
|
|a Vysoké učení technické v Brně.
|t Vědecké spisy.
|p PhD Thesis
|0 s
|
| 910 |
|
|
|a BOA001
|b 2-1145.025
|
| 990 |
|
|
|a BK
|
| 991 |
|
|
|b 200502
|c NOV
|
| 996 |
7 |
|
|b 2610237176
|c 2-1145.025
|l MZK
|r Sklad / do 1 hodiny
|n 4
|p p.v.
|w 000752955
|u 000010
|a 1
|e BOA001
|j MZK50
|s A
|
| 996 |
6 |
|
|b 2610237177
|c 2-1145.025
|l MZK
|r Sklad / do 1 hodiny
|n 0
|p p.v.
|w 000752955
|u 000020
|a 1
|e BOA001
|j MZK50
|s P
|